Pollution, property and prices : an essay in policy making and economics (Record no. 101965)

MARC details
000 -LEADER
fixed length control field 01172cam a2200313 4500
008 - FIXED-LENGTH DATA ELEMENTS--GENERAL INFORMATION
fixed length control field 020327n2002 000 0 eng u
020 ## - INTERNATIONAL STANDARD BOOK NUMBER
International Standard Book Number 1840648422
035 ## - SYSTEM CONTROL NUMBER
System control number (Sirsi) u117253
041 ## - LANGUAGE CODE
Language code of text/sound track or separate title eng.
050 ## - LIBRARY OF CONGRESS CALL NUMBER
Classification number 338.9
100 ## - MAIN ENTRY--PERSONAL NAME
Personal name Dales, J.
245 ## - TITLE STATEMENT
Title Pollution, property and prices : an essay in policy making and economics
260 ## - PUBLICATION, DISTRIBUTION, ETC.
Place of publication, distribution, etc. Cheltenham
Name of publisher, distributor, etc. Edward Elgar
Date of publication, distribution, etc. 2002
300 ## - PHYSICAL DESCRIPTION
Extent xii,117p.
Dimensions 23cm.
350 ## - PRICE (NR) (BK AM CF MU VM SE) [OBSOLETE]
Price 35.00
490 ## - SERIES STATEMENT
Series statement New horizons in environmental economics
520 ## - SUMMARY, ETC.
Summary, etc. In this text, originally published in 1968, John Dales proposes a new policy instrument for tackling pollution problems, namely "markets in pollution rights". The text focuses on pollution problems, rather than pollution itself, and attempts to offer a practicable way of coping with these problems.
650 ## - SUBJECT ADDED ENTRY--TOPICAL TERM
Topical term or geographic name entry element POLLUTION
650 ## - SUBJECT ADDED ENTRY--TOPICAL TERM
Topical term or geographic name entry element ECONOMICS
650 ## - SUBJECT ADDED ENTRY--TOPICAL TERM
Topical term or geographic name entry element POLICY-MAKING
650 ## - SUBJECT ADDED ENTRY--TOPICAL TERM
Topical term or geographic name entry element EMISSIONS TRADING SCHEME
650 ## - SUBJECT ADDED ENTRY--TOPICAL TERM
Topical term or geographic name entry element POLLUTION RIGHTS
650 ## - SUBJECT ADDED ENTRY--TOPICAL TERM
Topical term or geographic name entry element ENVIRONMENTAL ECONOMICS
650 ## - SUBJECT ADDED ENTRY--TOPICAL TERM
Topical term or geographic name entry element WASTE MANAGEMENT
650 ## - SUBJECT ADDED ENTRY--TOPICAL TERM
Topical term or geographic name entry element CLIMATE CHANGE
650 ## - SUBJECT ADDED ENTRY--TOPICAL TERM
Topical term or geographic name entry element ENVIRONMENTAL REGULATION
690 ## - LOCAL SUBJECT ADDED ENTRY--TOPICAL TERM (OCLC, RLIN)
Topical term or geographic name as entry element ENVIRONMENTAL AND LAND CONSULTANCY
942 ## - ADDED ENTRY ELEMENTS (KOHA)
Suppress in OPAC 0
Holdings
Withdrawn status Lost status Source of classification or shelving scheme Damaged status Not for loan Home library Current library Shelving location Date acquired Cost, normal purchase price Total Checkouts Full call number Barcode Date last seen Date last checked out Copy number Cost, replacement price Price effective from Koha item type
    Dewey Decimal Classification     London London Books 18/04/2002 35.00 3 614.7 DAL 30065677 06/08/2019 13/11/2006 1 35.00 06/08/2019 Book